[Event "ICS rated blitz match"]
[Site "207.99.83.229"]
[Date "1999.07.16"]
[Round "?"]
[White "Hossa"]
[Black "Bulby"]
[Result "1-0"]
[WhiteElo "2422"]
[BlackElo "2027"]
[PlyCount "35"]
[EventDate "1999.??.??"]

1. d4 Nf6 2. c4 g6 3. Nc3 Bg7 4. e4 O-O 5. Be3 d6 6. Qd2 Ng4 7. O-O-O Nxe3 8.
Qxe3 Nc6 9. f4 Bg4 10. Be2 Bxe2 11. Ngxe2 Qe8 12. Nd5 Rc8 13. Qb3 b6 14. Qh3 e5
15. dxe5 dxe5 16. f5 Na5 17. f6 Bh8 18. Ne7+ {Bulby resigns} 1-0

[Event "ICS rated blitz match"]
[Site "207.99.83.229"]
[Date "1999.07.16"]
[Round "?"]
[White "brodiem"]
[Black "Hossa"]
[Result "0-1"]
[WhiteElo "2022"]
[BlackElo "2425"]
[PlyCount "64"]
[EventDate "1999.??.??"]

1. e4 Nf6 2. e5 Nd5 3. d4 d6 4. c4 Nb6 5. f4 dxe5 6. fxe5 Nc6 7. Be3 Bf5 8. Nc3
Qd7 9. Nf3 Bg4 10. Be2 O-O-O 11. c5 Nd5 12. Nxd5 Qxd5 13. Qa4 a6 14. Rd1 e6 15.
Kf2 Be7 16. h3 Bh5 17. Rhe1 Qe4 18. Bd3 Qd5 19. Bc4 Qd7 20. Bxa6 Bxf3 21. Bxb7+
Kxb7 22. Qb5+ Ka8 23. Qa6+ Na7 24. gxf3 Bh4+ 25. Kg2 Bxe1 26. Rxe1 Qb5 27. Qa3
f6 28. d5 Rxd5 29. c6 Qa5 30. Qe7 Qxe1 31. Qxg7 Rhd8 32. Qxf6 32... Rd2+ {
brodiem resigns} 0-1

[Event "ICS rated blitz match"]
[Site "207.99.83.229"]
[Date "1999.07.16"]
[Round "?"]
[White "Hossa"]
[Black "brodiem"]
[Result "1-0"]
[WhiteElo "2428"]
[BlackElo "2019"]
[PlyCount "61"]
[EventDate "1999.??.??"]

1. d4 Nf6 2. c4 e6 3. Nc3 Bb4 4. Bg5 h6 5. Bh4 c5 6. d5 Bxc3+ 7. bxc3 d6 8.
Qa4+ Bd7 9. Qb3 b6 10. O-O-O e5 11. e4 Na6 12. Re1 g5 13. Bg3 Nc7 14. f3 Rb8
15. h4 Nh5 16. Bf2 b5 17. cxb5 Nxb5 18. hxg5 hxg5 19. g4 Ke7 20. Rxh5 Rg8 21.
Be3 f6 22. Rh7+ Kf8 23. Bxb5 Rxb5 24. Qa3 Qb6 25. Rxd7 Rb1+ 26. Kd2 Rb2+ 27.
Kd1 Rb1+ 28. Ke2 Qb5+ 29. Kf2 Rxe1 30. Qxa7 Rf1+ 31. Kg3 {brodiem resigns} 1-0

[Event "ICS rated blitz match"]
[Site "207.99.83.229"]
[Date "1999.07.16"]
[Round "?"]
[White "razzle"]
[Black "Hossa"]
[Result "1-0"]
[WhiteElo "2736"]
[BlackElo "2431"]
[PlyCount "103"]
[EventDate "1999.??.??"]

1. d4 d5 2. c4 e6 3. Nc3 Nf6 4. Bg5 Be7 5. e3 h6 6. Bh4 O-O 7. Rc1 Nc6 8. Nf3
Rb8 9. Be2 dxc4 10. Bxc4 Na5 11. Bb5 c6 12. Bd3 Qb6 13. Qd2 Qb4 14. Qe2 c5 15.
a3 Qb6 16. dxc5 Qd8 17. Rd1 Nd7 18. Bg3 Ra8 19. Nb5 Nb3 20. Bc7 Qe8 21. Nd6
Bxd6 22. Bxd6 Nbxc5 23. Bb5 a6 24. Bxc5 axb5 25. Bxf8 Qxf8 26. Qxb5 Qd8 27. Ne5
Qg5 28. Rxd7 Bxd7 29. Qxb7 Rc8 30. Nxd7 Qd8 31. O-O Rc7 32. Nf6+ gxf6 33. Qf3
Rc2 34. b4 Ra2 35. Rd1 Qf8 36. e4 e5 37. Qxf6 Rxa3 38. Qxe5 Ra2 39. b5 Kh7 40.
b6 Ra8 41. b7 Re8 42. Qf4 Rb8 43. Rd7 Kg8 44. Rxf7 Qd8 45. h4 Qd1+ 46. Kh2 Qh5
47. Qxb8+ Kxf7 48. Qf4+ Kg6 49. b8=Q Qg5 50. Qg8+ Kh5 51. Qgxg5+ hxg5 52. Qxg5#
{Hossa checkmated} 1-0

[Event "ICS rated blitz match"]
[Site "207.99.83.229"]
[Date "1999.07.16"]
[Round "?"]
[White "Goldmund"]
[Black "Hossa"]
[Result "0-1"]
[WhiteElo "2501"]
[BlackElo "2426"]
[PlyCount "48"]
[EventDate "1999.??.??"]

1. d4 d5 2. c4 e6 3. Nc3 Nf6 4. Nf3 Nbd7 5. cxd5 exd5 6. Bf4 Be7 7. e3 c6 8. h3
O-O 9. Bd3 Re8 10. Qc2 a5 11. Ne5 c5 12. O-O cxd4 13. exd4 Nf8 14. Bb5 Bd7 15.
Qa4 Bxb5 16. Qxb5 Ne6 17. Be3 Bd6 18. Rfd1 Nxd4 19. Bxd4 Bxe5 20. Qxb7 Rb8 21.
Qc6 Re6 22. Qa4 Rb4 23. Qa3 Bxd4 24. Rd3 24... Ne4 {Goldmund resigns} 0-1

[Event "ICS rated blitz match"]
[Site "207.99.83.229"]
[Date "1999.07.16"]
[Round "?"]
[White "Hossa"]
[Black "casaxuv"]
[Result "0-1"]
[WhiteElo "2432"]
[BlackElo "2365"]
[PlyCount "41"]
[EventDate "1999.??.??"]

1. d4 d5 2. c4 e6 3. Nc3 c6 4. Bg5 Qxg5 5. e3 Bb4 6. Nf3 Qd8 7. cxd5 exd5 8.
Ne5 Nf6 9. Be2 Ne4 10. O-O Bxc3 11. bxc3 Nxc3 12. Qd2 Nxe2+ 13. Qxe2 O-O 14.
Qh5 Nd7 15. f4 Nf6 16. Qh4 Ne4 17. Qh5 f6 18. Nd3 Qe8 19. Qf3 Nd2 20. Qe2 Nxf1
21. Rxf1 {Hossa resigns} 0-1

[Event "ICS rated blitz match"]
[Site "207.99.83.229"]
[Date "1999.07.16"]
[Round "?"]
[White "Hossa"]
[Black "casaxuv"]
[Result "1-0"]
[WhiteElo "2428"]
[BlackElo "2369"]
[PlyCount "97"]
[EventDate "1999.??.??"]

1. d4 d5 2. c4 e6 3. Nc3 c6 4. Bg5 Qxg5 5. e3 Qd8 6. Bd3 Nf6 7. cxd5 exd5 8.
Nf3 Bd6 9. Ng5 O-O 10. Qd2 Nbd7 11. O-O-O b5 12. Bf5 b4 13. Ne2 Qa5 14. Qc2 Nb6
15. Bxh7+ Kh8 16. Qxc6 Be7 17. Qc2 Bg4 18. Bf5 Bxf5 19. Qxf5 g6 20. Qe5 Qxa2
21. Qxe7 Nc4 22. Qxf6+ Kg8 23. Rd3 b3 24. Rxb3 Qxb3 25. Nf3 Rac8 26. Rg1 Nxe3+
27. Kd2 Rc2+ 28. Ke1 Rc1+ 29. Kd2 Rc2+ 30. Ke1 Rfc8 31. fxe3 Qd3 32. Qxf7+ Kxf7
33. Ne5+ Kg7 34. Nxd3 a5 35. Nef4 a4 36. Nxd5 a3 37. bxa3 Rb8 38. N5b4 Rc3 39.
Rf1 Rxa3 40. Kd2 Rb3 41. Nc2 Rc8 42. e4 Rcc3 43. Nc5 Rxc5 44. dxc5 Rb5 45. c6
Rc5 46. Nd4 Rc4 47. Ne6+ Kh6 48. Rf8 Rxc6 49. Rh8# {casaxuv checkmated} 1-0

[Event "ICS rated blitz match"]
[Site "207.99.83.229"]
[Date "1999.07.16"]
[Round "?"]
[White "casaxuv"]
[Black "Hossa"]
[Result "1-0"]
[WhiteElo "2356"]
[BlackElo "2441"]
[PlyCount "88"]
[EventDate "1999.??.??"]

1. d4 d5 2. c4 e6 3. Nc3 Nf6 4. Bg5 Be7 5. e3 h6 6. Bh4 O-O 7. Nf3 Nbd7 8. Bd3
dxc4 9. Bxc4 Nb6 10. Bd3 Qd6 11. O-O Qb4 12. Qe2 Nbd7 13. a3 Qa5 14. Rac1 Rd8
15. Bb1 e5 16. b4 Qxa3 17. dxe5 Nxe5 18. Nxe5 Qxb4 19. Bg3 Be6 20. Qc2 Bb3 21.
Qb2 Nh5 22. Nf3 Nxg3 23. hxg3 Qa3 24. Qe2 Bb4 25. Nd4 Bxc3 26. Rxc3 Rxd4 27.
exd4 Rb8 28. Qd3 Kf8 29. Re1 Qb4 30. Qh7 Be6 31. Rce3 Rd8 32. Qh8+ Ke7 33. Qxg7
Kd6 34. Qe5+ Kd7 35. Bf5 Kc8 36. Bxe6+ fxe6 37. Qxe6+ Kb8 38. Qd7 Qd6 39. Qxd8+
Qxd8 40. Re8 Kc8 41. Rxd8+ Kxd8 42. f4 Kd7 43. g4 c5 44. dxc5 44... Kc7 {
Hossa resigns} 1-0

[Event "ICS rated blitz match"]
[Site "207.99.83.229"]
[Date "1999.07.16"]
[Round "?"]
[White "Hossa"]
[Black "casaxuv"]
[Result "0-1"]
[WhiteElo "2421"]
[BlackElo "2376"]
[PlyCount "94"]
[EventDate "1999.??.??"]

1. d4 d5 2. c4 e6 3. Nc3 c6 4. Bg5 Qxg5 5. e3 Qd8 6. Bd3 Nf6 7. cxd5 Bb4 8.
dxc6 Nxc6 9. Rc1 O-O 10. Nge2 Nd5 11. O-O Nxc3 12. Nxc3 Bxc3 13. Rxc3 e5 14.
Qh5 g6 15. Qh6 exd4 16. Rcc1 dxe3 17. Be2 Nd4 18. Bd3 Nf3+ 19. gxf3 Qxd3 20.
fxe3 Be6 21. a3 Rac8 22. Rcd1 Qe2 23. Rde1 Qxb2 24. Rb1 Qe5 25. Rxb7 Rc2 26.
Rd1 Qa5 27. Rb4 Rd8 28. Rdd4 Rxd4 29. exd4 Qxa3 30. Rb8+ Bc8 31. Rxc8+ Rxc8 32.
Kf2 Rc2+ 33. Kg3 Qd6+ 34. Qf4 Rg2+ 35. Kxg2 Qxf4 36. d5 Qd2+ 37. Kg3 Qxd5 38.
Kf2 f5 39. h4 Kf7 40. Kg3 Kf6 41. Kg2 Ke5 42. Kg3 f4+ 43. Kg2 Qd2+ 44. Kf1 Kd4
45. Kg1 Ke3 46. Kh1 Kxf3 47. Kg1 47... Qg2# {Hossa checkmated} 0-1

[Event "ICS rated blitz match"]
[Site "207.99.83.229"]
[Date "1999.07.16"]
[Round "?"]
[White "Hossa"]
[Black "Njall"]
[Result "1/2-1/2"]
[WhiteElo "2419"]
[BlackElo "2424"]
[PlyCount "151"]
[EventDate "1999.??.??"]

1. d4 Nf6 2. c4 c6 3. Bg5 d5 4. cxd5 cxd5 5. Nc3 e6 6. e3 Be7 7. Bb5+ Bd7 8.
Bd3 O-O 9. Qc2 h6 10. Bxf6 Bxf6 11. Rc1 Nc6 12. a3 Rc8 13. Nge2 Na5 14. Nf4 Nc4
15. O-O Qe7 16. Ncxd5 exd5 17. Nxd5 Qd6 18. Nxf6+ Qxf6 19. Bxc4 b5 20. b3 bxc4
21. bxc4 Rfe8 22. Qc3 Bf5 23. Rfd1 Qg6 24. Kh1 h5 25. f3 h4 26. Qd2 h3 27. g3
Bd7 28. Qe2 Qe6 29. Rc3 Ba4 30. Rb1 Rb8 31. Rb4 Qd7 32. Qf1 a5 33. Rb1 Rxb1 34.
Qxb1 Qc7 35. Qf1 Bd7 36. Qd3 Rb8 37. Rb3 Rxb3 38. Qxb3 a4 39. Qb4 Qc6 40. d5
Qf6 41. Qb8+ Kh7 42. Qb1+ g6 43. Qf1 Qc3 44. g4 Qxe3 45. Qxh3+ Kg7 46. Qg3 Qc1+
47. Kg2 Qxc4 48. Qe5+ Kh7 49. Qd6 Qb5 50. h4 Qe2+ 51. Kg3 Bb5 52. Qc5 Qe5+ 53.
Kg2 Be2 54. h5 gxh5 55. Qc2+ Kg7 56. gxh5 Bb5 57. Qd2 Qe2+ 58. Qxe2 Bxe2 59.
Kg3 Bc4 60. d6 Be6 61. Kf4 Kh6 62. Ke5 Kxh5 63. Kf6 Kh4 64. Ke7 Kg3 65. d7 Bxd7
66. Kxd7 Kxf3 67. Ke7 Ke3 68. Kxf7 Kd3 69. Ke6 Kc3 70. Kd5 Kb3 71. Kd4 Kxa3 72.
Kc3 Ka2 73. Kc2 a3 74. Kc1 Ka1 75. Kc2 a2 76. Kc1 {Njall stalemated} 1/2-1/2

[Event "ICS rated blitz match"]
[Site "207.99.83.229"]
[Date "1999.07.16"]
[Round "?"]
[White "Hossa"]
[Black "legaleagle"]
[Result "1-0"]
[WhiteElo "2419"]
[BlackElo "2202"]
[PlyCount "101"]
[EventDate "1999.??.??"]

1. d4 Nf6 2. c4 c5 3. d5 b5 4. Nc3 b4 5. Na4 d6 6. Nf3 g6 7. a3 a5 8. Bf4 Bg7
9. axb4 axb4 10. Nxc5 Rxa1 11. Qxa1 dxc5 12. Bxb8 Bg4 13. Be5 Bxf3 14. Qa4+ Qd7
15. Qa8+ Qd8 16. Qxd8+ Kxd8 17. exf3 Kd7 18. Bd3 Ra8 19. Ke2 Ne8 20. Bxg7 Nxg7
21. Rd1 Kd6 22. Ke3 Ra2 23. Rd2 Ne8 24. f4 f5 25. Re2 Nf6 26. Kf3 Kd7 27. Bb1
Ra1 28. Bc2 Ra2 29. b3 Rb2 30. Bxf5+ gxf5 31. Rxb2 Ne4 32. Ra2 Ke8 33. Ke3 Kf7
34. Ra7 Kf6 35. Rc7 e5 36. Rc6+ Ke7 37. fxe5 Nc3 38. Rf6 Nd1+ 39. Kf3 Nb2 40.
d6+ Kd7 41. Ke2 f4 42. Kd2 f3 43. gxf3 h5 44. Rf7+ Ke8 45. e6 h4 46. d7+ Kd8
47. Rf8+ Kc7 48. d8=Q+ Kc6 49. Qb8 Nxc4+ 50. bxc4 b3 51. Rc8# {
legaleagle checkmated} 1-0

[Event "ICS rated blitz match"]
[Site "207.99.83.229"]
[Date "1999.07.16"]
[Round "?"]
[White "Yeldnuh"]
[Black "Hossa"]
[Result "1-0"]
[WhiteElo "2276"]
[BlackElo "2426"]
[PlyCount "155"]
[EventDate "1999.??.??"]

1. d4 d5 2. c4 e6 3. Nc3 Nf6 4. cxd5 exd5 5. Bg5 c6 6. e3 Be7 7. Bd3 Bg4 8.
Nge2 Ne4 9. Bxe7 Qxe7 10. Bxe4 dxe4 11. h3 Bxe2 12. Qxe2 O-O 13. O-O Nd7 14.
Qc2 Nf6 15. Rac1 Rad8 16. b4 b6 17. b5 c5 18. dxc5 bxc5 19. Rfd1 Qb7 20. a4 Qe7
21. Ne2 Rd7 22. Ng3 Re8 23. a5 Rxd1+ 24. Rxd1 Qc7 25. Qa4 Rf8 26. Rc1 Qe7 27.
Qc4 Rc8 28. Rd1 Rb8 29. Nf5 Qc7 30. Nd6 Rf8 31. Qc2 Rd8 32. Nc4 Rd7 33. b6 axb6
34. axb6 Qd8 35. Rxd7 Qxd7 36. Qb3 Qd3 37. Qb5 Nd7 38. b7 h6 39. Qxd7 Qxd7 40.
b8=Q+ Kh7 41. Qe5 Qd1+ 42. Kh2 Qe2 43. Qxe4+ g6 44. Kg3 Qa2 45. Qd5 Qa7 46. Ne5
Kg8 47. Nxg6 Kg7 48. Ne5 Qc7 49. Kg4 Kg8 50. Kf4 Qe7 51. Qxf7+ Qxf7+ 52. Nxf7
Kxf7 53. Ke5 c4 54. Kd4 c3 55. Kxc3 Kf6 56. f4 Ke6 57. e4 Ke7 58. Kd4 Ke6 59.
e5 Kf7 60. Kd5 Ke7 61. e6 h5 62. Ke5 h4 63. Kf5 Ke8 64. Kg6 Ke7 65. f5 Kd6 66.
Kf6 Kc6 67. e7 Kd7 68. Kf7 Kd6 69. e8=Q Kd5 70. Qe6+ Kc5 71. Kg6 Kb5 72. f6 Kb4
73. f7 Kc3 74. f8=Q Kb2 75. Qd8 Ka1 76. Qc6 Ka2 77. Qb8 Ka3 78. Qa6# {
Hossa checkmated} 1-0

[Event "ICS rated blitz match"]
[Site "207.99.83.229"]
[Date "1999.07.16"]
[Round "?"]
[White "Hossa"]
[Black "Yeldnuh"]
[Result "0-1"]
[WhiteElo "2412"]
[BlackElo "2311"]
[PlyCount "62"]
[EventDate "1999.??.??"]

1. d4 Nf6 2. c4 e6 3. Nc3 Bb4 4. Bg5 c5 5. e4 Qa5 6. Bxf6 Bxc3+ 7. Ke2 Bxb2 8.
Bxg7 Bxa1 9. Qxa1 Rg8 10. d5 b5 11. cxb5 Qxb5+ 12. Kf3 Qb4 13. Bc3 Qa4 14. dxe6
fxe6 15. Bg7 d5 16. Bd3 Ba6 17. Qf6 Qd1+ 18. Kf4 Qd2+ 19. Kg4 Rxg7+ 20. Qxg7
Bxd3 21. Qg8+ Kd7 22. Qf7+ Kd8 23. Qf8+ Kc7 24. exd5 Bf5+ 25. Kh5 Nd7 26. d6+
Kb6 27. Nf3 Qf4 28. Qxf5 exf5 29. Rb1+ Ka6 30. g4 Qxg4+ 31. Kh6 31... Qg6# {
Hossa checkmated} 0-1

[Event "ICS rated blitz match"]
[Site "207.99.83.229"]
[Date "1999.07.16"]
[Round "?"]
[White "occam"]
[Black "Hossa"]
[Result "1-0"]
[WhiteElo "2248"]
[BlackElo "2398"]
[PlyCount "109"]
[EventDate "1999.??.??"]

1. d4 d5 2. Nf3 Nf6 3. e3 c5 4. b3 cxd4 5. exd4 Nc6 6. c4 e6 7. cxd5 Nxd5 8.
Nbd2 Nc3 9. Qc2 Bb4 10. a3 Nxd4 11. Qd3 Nxf3+ 12. Qxf3 Qa5 13. Bb2 Qe5+ 14. Qe3
Qxe3+ 15. fxe3 Nd5 16. axb4 O-O 17. Bd4 a6 18. b5 e5 19. Bxe5 Nxe3 20. Ke2 Ng4
21. Bf4 Be6 22. Kf3 Rfc8 23. Bc4 Bd7 24. bxa6 b5 25. Bd5 Rc3+ 26. Ke2 Re8+ 27.
Kf1 Be6 28. Bf3 g5 29. Bxg5 Ne3+ 30. Bxe3 Rxe3 31. Bc6 Re7 32. Bb7 Bf5 33. a7
Bd3+ 34. Kf2 Re8 35. Rhe1 Re2+ 36. Rxe2 Rxe2+ 37. Kf3 Re8 38. Bc6 Rd8 39. Re1
Kg7 40. Re8 Rxe8 41. Bxe8 b4 42. a8=Q h6 43. Qb7 Bg6 44. Qxb4 Kg8 45. h3 Bh5+
46. g4 Bg6 47. Nc4 Bc2 48. Ne5 Bd1+ 49. Kf4 Be2 50. Qe7 Bd3 51. Qxf7+ Kh8 52.
Qf6+ Kh7 53. Bg6+ Bxg6 54. Qxg6+ Kh8 55. Nf7# {Hossa checkmated} 1-0

[Event "ICS rated blitz match"]
[Site "207.99.83.229"]
[Date "1999.07.16"]
[Round "?"]
[White "Hossa"]
[Black "occam"]
[Result "0-1"]
[WhiteElo "2375"]
[BlackElo "2271"]
[PlyCount "166"]
[EventDate "1999.??.??"]

1. d4 d5 2. c4 e6 3. Nc3 dxc4 4. Nf3 c6 5. e4 b5 6. Bg5 Be7 7. Qd2 a5 8. O-O-O
Nf6 9. e5 Nd5 10. Nxd5 cxd5 11. Qf4 f6 12. exf6 Bxf6 13. Bxf6 Qxf6 14. Qxf6
gxf6 15. Ne1 Rg8 16. f4 Nc6 17. f5 exf5 18. Kb1 Ra7 19. Rd2 Re7 20. Nf3 f4 21.
a3 Bg4 22. Nh4 b4 23. b3 Re1+ 24. Ka2 c3 25. Rf2 bxa3 26. Bb5 Rxh1 27. Bxc6+
Ke7 28. Bxd5 Rc8 29. Rc2 Rd8 30. Bf3 Rxh2 31. Bxg4 Rxh4 32. Bf3 Rxd4 33. Rxc3
Rd2+ 34. Kxa3 Rh1 35. Ka4 Ra2+ 36. Kb5 Rb1 37. Be4 Re1 38. Rc7+ Kd8 39. Rc4 Re3
40. Rd4+ Kc7 41. Bd5 Re5 42. Ka6 Rb2 43. Rd3 h6 44. Rc3+ Kd6 45. Bf3 Ke6 46.
Rc6+ Kf5 47. Rc3 Rd2 48. Bc6 h5 49. Rh3 Kg6 50. Rc3 h4 51. Kb6 Kh6 52. Ka6 Kg5
53. Kb6 f5 54. Rh3 Rc2 55. Bb7 Rb2 56. Bc6 Ra2 57. Rh2 Rc2 58. Bf3 Rb2 59. Kc6
Re6+ 60. Kd7 Re3 61. Rh1 Rc2 62. Ra1 h3 63. Rg1 h2 64. Rh1 Rxb3 65. Ke7 Re3+
66. Kd6 Kf6 67. Bd5 Rd3 68. Rxh2 Rcd2 69. Rh6+ Kg5 70. Rh7 Rxd5+ 71. Kc7 Rc2+
72. Kb6 Rb2+ 73. Kc6 Rdd2 74. Ra7 Rdc2+ 75. Kd6 Rxg2 76. Rxa5 f3 77. Ke6 Rge2+
78. Kd5 f2 79. Ra1 Re1 80. Ra3 f1=Q 81. Rg3+ Kf6 82. Rg8 Rd1+ 83. Kc5 83...
Qb5# {Hossa checkmated} 0-1

[Event "ICS rated blitz match"]
[Site "207.99.83.229"]
[Date "1999.07.16"]
[Round "?"]
[White "Highlander3"]
[Black "Hossa"]
[Result "0-1"]
[WhiteElo "2270"]
[BlackElo "2354"]
[PlyCount "120"]
[EventDate "1999.??.??"]

1. e4 Nf6 2. Nc3 d6 3. d4 Nbd7 4. Nf3 e5 5. Bc4 Be7 6. O-O O-O 7. a4 Ng4 8. h3
exd4 9. Nxd4 Nge5 10. Be2 Bh4 11. Be3 Nb6 12. b3 Nbd7 13. f4 Nc6 14. Nxc6 bxc6
15. Bd3 Re8 16. Qh5 Re6 17. Ne2 Rh6 18. Qf3 Qe8 19. Ng3 Bxg3 20. Qxg3 Bb7 21.
f5 Rf6 22. Bg5 Qe7 23. Qh4 Qe5 24. Qf4 Qc3 25. Bxf6 Qxf6 26. g4 Qh4 27. Kh2 Qe7
28. g5 f6 29. h4 fxg5 30. hxg5 Rf8 31. Kg3 Nc5 32. b4 Ne6 33. Qg4 Nxg5 34. Rae1
Nf7 35. Bc4 Qe5+ 36. Kg2 d5 37. exd5 Qf6 38. dxc6 Bxc6+ 39. Kg1 Qh6 40. Re3
Qxe3+ 41. Kh2 Bxa4 42. f6 Qh6+ 43. Kg1 Kh8 44. fxg7+ Qxg7 45. Qxg7+ Kxg7 46.
Ra1 Bxc2 47. Rxa7 c6 48. Rc7 Be4 49. b5 cxb5 50. Bxb5 Kg6 51. Kh2 Nd6 52. Bc6
Bxc6 53. Rxc6 Rf2+ 54. Kg3 Rf6 55. Kg4 h5+ 56. Kg3 Ne4+ 57. Kh3 Rxc6 58. Kh4
Rc2 59. Kh3 Kf5 60. Kh4 60... Rh2# {Highlander3 checkmated} 0-1

[Event "ICS rated blitz match"]
[Site "207.99.83.229"]
[Date "1999.07.16"]
[Round "?"]
[White "Hossa"]
[Black "occam"]
[Result "0-1"]
[WhiteElo "2366"]
[BlackElo "2288"]
[PlyCount "63"]
[EventDate "1999.??.??"]

1. d4 Nf6 2. c4 e6 3. Nc3 d5 4. cxd5 exd5 5. Bf4 c5 6. Rc1 cxd4 7. Nb5 Nc6 8.
Bd2 Ne4 9. Nf3 Nxd2 10. Nxd2 a6 11. Qa4 Qb6 12. Rxc6 bxc6 13. Nxd4 Bd7 14. e3
Qxb2 15. N4b3 a5 16. Qf4 a4 17. Nd4 c5 18. Qe5+ Be7 19. Qxg7 Rf8 20. Qe5 cxd4
21. Qxd5 Qc1+ 22. Ke2 Bc6 23. Qf5 d3+ 24. Qxd3 Rd8 25. a3 Rxd3 26. Kxd3 Bb5+
27. Ke4 Qc6+ 28. Kf4 Bd6+ 29. Kg5 Rg8+ 30. Kh5 Qd5+ 31. Kh4 Be7+ 32. Kh3 {
Hossa resigns} 0-1

[Event "ICS rated blitz match"]
[Site "207.99.83.229"]
[Date "1999.07.16"]
[Round "?"]
[White "zakay"]
[Black "Hossa"]
[Result "0-1"]
[WhiteElo "2018"]
[BlackElo "2346"]
[PlyCount "72"]
[EventDate "1999.??.??"]

1. e4 Nf6 2. e5 Nd5 3. Nc3 Nxc3 4. bxc3 d6 5. exd6 exd6 6. d4 d5 7. Bd3 Bd6 8.
h3 Nd7 9. Nf3 Qe7+ 10. Be3 O-O 11. O-O Re8 12. Bg5 Qf8 13. Qd2 f6 14. Bf4 c5
15. Rae1 Be7 16. Bf5 Nb6 17. Bxc8 Raxc8 18. Re6 cxd4 19. Nxd4 Na4 20. Rfe1 Nc5
21. R6e2 Ne4 22. Qc1 Nxc3 23. Ne6 Nxe2+ 24. Rxe2 Qf7 25. Qe1 Ba3 26. g4 Bb2 27.
Bd2 Rxc2 28. g5 Be5 29. gxf6 Qxe6 30. f4 Bd4+ 31. Kh2 Qxe2+ 32. Qxe2 Rxe2+ 33.
Kg3 Bxf6 34. Bb4 Re3+ 35. Kg4 g6 36. f5 36... Rc4# {zakay checkmated} 0-1

[Event "ICS rated blitz match"]
[Site "207.99.83.229"]
[Date "1999.07.16"]
[Round "?"]
[White "Hossa"]
[Black "occam"]
[Result "0-1"]
[WhiteElo "2350"]
[BlackElo "2304"]
[PlyCount "140"]
[EventDate "1999.??.??"]

1. d4 d5 2. c4 e6 3. Nc3 dxc4 4. Nf3 c6 5. e4 b5 6. Bg5 Be7 7. Qd2 a5 8. O-O-O
Nf6 9. d5 b4 10. Na4 cxd5 11. Bxf6 gxf6 12. exd5 exd5 13. Qh6 Bd7 14. Rxd5 Qc7
15. Nc5 Bc6 16. Ne6 fxe6 17. Qh5+ Kf8 18. Rd4 b3 19. axb3 cxb3 20. Qh6+ Kf7 21.
Qh5+ Kg7 22. Rg4+ Kf8 23. Rc4 e5 24. Nh4 Rg8 25. Qxh7 Rg5 26. Ng6+ Rxg6 27.
Qxg6 Nd7 28. Qh6+ Ke8 29. Qh8+ Bf8 30. Rc3 Qb7 31. Qh5+ Kd8 32. Qg6 Be4 33. Qg8
Rc8 34. Rxc8+ Qxc8+ 35. Qc4 Bh6+ 36. Kd1 Bc2+ 37. Ke1 Qxc4 38. Bxc4 Nb6 39.
Bxb3 Bxb3 40. Ke2 Bc2 41. Ra1 Nc4 42. g4 Nxb2 43. Rxa5 Bd1+ 44. Kf1 Bxg4 45.
Kg2 Be2 46. Ra2 Bc1 47. Ra7 Nd3 48. Rf7 Bg5 49. Rf8+ Ke7 50. Ra8 Bh4 51. Ra7+
Kd6 52. Ra6+ Kc5 53. Ra5+ Kb6 54. Ra2 Nf4+ 55. Kg1 f5 56. Ra3 e4 57. Rb3+ Bb5
58. Ra3 Bc4 59. Ra4 Kb5 60. Rxc4 Kxc4 61. Kf1 Nd3 62. f3 e3 63. Ke2 Kd4 64. Kd1
Nf4 65. Kc2 e2 66. Kb3 e1=Q 67. h3 Qb1+ 68. Ka4 Nd5 69. Ka3 Be7+ 70. Ka4 70...
Qb4# {Hossa checkmated} 0-1

[Event "ICS rated blitz match"]
[Site "207.99.83.229"]
[Date "1999.07.16"]
[Round "?"]
[White "occam"]
[Black "Hossa"]
[Result "1-0"]
[WhiteElo "2322"]
[BlackElo "2332"]
[PlyCount "83"]
[EventDate "1999.??.??"]

1. d4 d5 2. c4 e6 3. Nc3 Nf6 4. cxd5 exd5 5. Nf3 c6 6. a3 Bd6 7. e3 O-O 8. b3
Bg4 9. Bd3 Qb6 10. h3 Bxf3 11. gxf3 c5 12. Na4 Qc6 13. dxc5 Bxc5 14. Bb2 Be7
15. Rc1 Qd6 16. Bf5 Nbd7 17. Rg1 Rac8 18. Rxc8 Rxc8 19. e4 Re8 20. Kf1 Qa6+ 21.
Kg2 Nf8 22. exd5 Nh5 23. Kh1 Bh4 24. f4 Bxf2 25. Qxh5 Bxg1 26. Qg4 f6 27. Qxg1
Qe2 28. Bg4 Qe4+ 29. Qg2 Qxf4 30. Be2 Ng6 31. Nc3 Re7 32. a4 Qh4 33. d6 Re3 34.
Bf1 Re1 35. d7 Qd4 36. Nd5 Rxf1+ 37. Kh2 Rh1+ 38. Kxh1 Qd1+ 39. Kh2 Kf7 40.
d8=Q Qxb3 41. Nc7 Nh4 42. Qe8# {Hossa checkmated} 1-0

[Event "ICS Rated standard match"]
[Site "207.99.83.229"]
[Date "1999.07.16"]
[Round "?"]
[White "Elias"]
[Black "Hossa"]
[Result "0-1"]
[WhiteElo "2138"]
[BlackElo "2199"]
[PlyCount "49"]
[EventDate "1999.??.??"]

1. d4 Nf6 2. Nf3 e6 3. e3 b6 4. c4 Bb4+ 5. Nbd2 O-O 6. Bd3 d5 7. b3 dxc4 8.
Bxc4 a5 9. O-O a4 10. Rb1 axb3 11. axb3 c5 12. Bb2 cxd4 13. Nxd4 e5 14. N4f3
Nc6 15. Qc2 Bg4 16. Ne4 Bxf3 17. gxf3 Rc8 18. Rbd1 Qe7 19. Ng3 b5 20. Nf5 Qb7
21. Nd6 Bxd6 22. Rxd6 bxc4 23. bxc4 Na5 24. Bxe5 Nxc4 25. Qf5 {Elias resigns}
0-1

[Event "ICS rated blitz match"]
[Site "207.99.83.229"]
[Date "1999.07.16"]
[Round "?"]
[White "mcchess"]
[Black "Hossa"]
[Result "0-1"]
[WhiteElo "2234"]
[BlackElo "2325"]
[PlyCount "42"]
[EventDate "1999.??.??"]

1. e4 Nf6 2. Nc3 d6 3. d4 Nbd7 4. Nf3 e5 5. Bc4 Be7 6. O-O O-O 7. Qe2 exd4 8.
Nxd4 Nb6 9. Bb3 Re8 10. a4 c5 11. Nf3 d5 12. e5 c4 13. a5 Nbd7 14. exf6 Bxf6
15. Qd1 Bxc3 16. Ba4 Bxa5 17. Qxd5 Ne5 18. Qxd8 Nxf3+ 19. gxf3 Rxd8 20. Bb5 Bh3
21. Rxa5 21... Bxf1 {mcchess resigns} 0-1

[Event "ICS rated blitz match"]
[Site "207.99.83.229"]
[Date "1999.07.16"]
[Round "?"]
[White "mcchess"]
[Black "Hossa"]
[Result "0-1"]
[WhiteElo "2211"]
[BlackElo "2348"]
[PlyCount "67"]
[EventDate "1999.??.??"]

1. e4 Nf6 2. Nc3 d6 3. d4 Nbd7 4. Nf3 e5 5. dxe5 dxe5 6. Bc4 Bd6 7. O-O O-O 8.
Bg5 Nb6 9. Bb3 Qe7 10. Qe2 Bg4 11. h3 Bd7 12. a4 Bb4 13. a5 Bxc3 14. bxc3 Nc8
15. Rfd1 Bc6 16. Nd2 Nd6 17. f3 Rad8 18. Nf1 Nb5 19. Qc4 h6 20. Bh4 Nd6 21. Qc5
a6 22. Ne3 h5 23. Nc4 Rfe8 24. Ne3 Rd7 25. Rd2 Nfxe4 26. Bxe7 Nxc5 27. Bh4 e4
28. f4 b6 29. axb6 cxb6 30. Bf2 Red8 31. Rd4 Bb5 32. c4 Bc6 33. Rdd1 Kh8 34.
Re1 {mcchess resigns} 0-1

[Event "ICS rated blitz match"]
[Site "207.99.83.229"]
[Date "1999.07.16"]
[Round "?"]
[White "Hossa"]
[Black "occam"]
[Result "1-0"]
[WhiteElo "2358"]
[BlackElo "2320"]
[PlyCount "135"]
[EventDate "1999.??.??"]

1. d4 Nf6 2. c4 e6 3. Nc3 d5 4. cxd5 exd5 5. Bf4 b6 6. e3 c6 7. Bd3 Qe7 8. Nge2
Be6 9. O-O c5 10. Nb5 Qb7 11. Nc7+ Kd8 12. dxc5 bxc5 13. Qb3 Kc8 14. Qxb7+ Kxb7
15. Bb5 a6 16. Nxa8 Kxa8 17. Bd3 c4 18. Bc2 Bg4 19. f3 Bh5 20. Rfd1 Bc5 21. Nc3
Nc6 22. Nxd5 Bg6 23. Ba4 Ne7 24. Nxe7 Bxe7 25. Bc6+ Ka7 26. Rac1 Bd3 27. Be5
Rc8 28. Bd4+ Kb8 29. Ba4 Kb7 30. Bc2 Bxc2 31. Rxc2 Nd5 32. Rdc1 Bg5 33. f4 Bf6
34. Rxc4 Bxd4 35. exd4 Rxc4 36. Rxc4 Nxf4 37. Kf2 g6 38. g3 Nd5 39. h4 f5 40.
Ke2 Nf6 41. Kf3 h5 42. Kf4 Kb6 43. b3 a5 44. a3 Kb7 45. Rc5 Kb6 46. Re5 Ne4 47.
Re6+ Kb5 48. Rxg6 Nd2 49. Rg5 Nxb3 50. Rxf5+ Ka4 51. Rxh5 Nxd4 52. g4 Ne6+ 53.
Kf5 Ng7+ 54. Kf6 Ne8+ 55. Ke7 Nc7 56. Rf5 Nb5 57. g5 Nd4 58. Rf4 Kxa3 59. Rxd4
a4 60. g6 Kb2 61. g7 Kc3 62. g8=Q Kxd4 63. Qg4+ Ke5 64. Qxa4 Kf5 65. Qd4 Kg6
66. Qe5 Kh7 67. Kf7 Kh6 68. Qh8# {occam checkmated} 1-0

[Event "ICS rated blitz match"]
[Site "207.99.83.229"]
[Date "1999.07.16"]
[Round "?"]
[White "mcchess"]
[Black "Hossa"]
[Result "0-1"]
[WhiteElo "2202"]
[BlackElo "2372"]
[PlyCount "38"]
[EventDate "1999.??.??"]

1. e4 Nf6 2. Nc3 d6 3. d4 Nbd7 4. Nf3 e5 5. Bc4 Be7 6. O-O O-O 7. Qe2 exd4 8.
Nxd4 Nb6 9. Bb3 Re8 10. a4 c5 11. Nf3 d5 12. a5 dxe4 13. Bxf7+ Kxf7 14. Ng5+
Kg6 15. axb6 Qxb6 16. Qc4 Rf8 17. Ncxe4 Nxe4 18. Qxe4+ Bf5 19. Qxe7 19... Rae8
{mcchess resigns} 0-1